000 00696cam a22002533a 4500
001 22073
003 PGUSA
005 20140828083453.0
008 070714s2007||||xxu|||||s|||||000 1 eng d
040 _aPGUSA
_beng
042 _adc
050 4 _aPS
100 1 _aHarrison, Harry,
_d1925-2012
245 1 4 _aThe Repairman
_h[electronic resource] /
_cHarry Harrison
260 _bProject Gutenberg,
_c2007
506 _aPublic domain in the USA.
516 _aElectronic text
653 _aShort stories
653 _aHuman-alien encounters -- Fiction
653 _aScience fiction
830 0 _aProject Gutenberg
_v22073
856 4 0 _uhttp://www.gutenberg.org/ebooks/22073
942 _cEB
999 _c251328
_d251328